000 00863nam a2200253 a 4500
001 32046
003 BD-RjUL
005 20211209051801.0
008 140423r19791923ii b 001 0 eng d
035 _a(CStRLIN)NVRG85-B810
_a(BD-RjUL)32135
040 _aNvU
_cNvU
_beng
_dBD-RjUL
041 _aeng
082 _a294.3422
_bSTC 1979
100 1 0 _aShcherbatskoĭ, F. I.
_q(Fedor Ippolitovich),
_d1866-1942.
_997537
245 1 4 _aThe central conception of Buddhism :
_band the meaning of the word "dharma" /
_cby Th. Stcherbatsky.
250 _aReprint ed.
260 _aDelhi :
_bM. Banarsidass,
_c1923 [Reprinted 1979].
300 _a[6] 112 p. ;
_c23 cm.
504 _aIncludes bibliographical references and index.
650 0 _aAbhidharma.
_997538
650 0 _aBuddhism
_xDoctrines.
_995467
740 4 1 _aThe meaning of the word Dharma.
942 _2ddc
_cBK
999 _c32046
_d32046